[Event "Helmond Rapid op"]
[Site "Helmond"]
[Date "2025.05.03"]
[Round "6"]
[White "Teianu, Sabin"]
[Black "Elferink, Leon"]
[Result "1/2-1/2"]
[WhiteElo "2024"]
[BlackElo "1922"]
[PlyCount "99"]
[EventDate "2025.05.03"]
[EventType "swiss (rapid)"]
[EventRounds "9"]
[EventCountry "NED"]
[SourceTitle "CB19_2025"]
[SourceDate "2025.05.07"]
[SourceVersion "1"]
[SourceVersionDate "2025.05.07"]
[SourceQuality "1"]

1. d4 d5 2. c4 e6 3. Nc3 Nf6 4. Nf3 c6 5. e3 Nbd7 6. Be2 Be7 7. 0-0 0-0 8. b3 b6 9. Bb2 Bb7 10. Rc1 Re8 11. Bd3 Nf8 12. e4 dxe4 13. Nxe4 c5 14. Re1 Nxe4 15. Bxe4 Bxe4 16. Rxe4 Bf6 17. Qc2 cxd4 18. Bxd4 Bxd4 19. Nxd4 Qf6 20. Nb5 Red8 21. Rd1 Rxd1+ 22. Qxd1 Rd8 23. Rd4 Rxd4 24. Qxd4 Qf5 25. h3 Qb1+ 26. Kh2 Qxa2 27. b4 e5 28. Qd5 Qxf2 29. Qxe5 h6 30. Nxa7 Ne6 31. Qg3 Qd4 32. Qb3 Nf4 33. Nb5 Qf2 34. Qf3 Qxf3 35. gxf3 Nd3 36. Nc7 Ne5 37. c5 bxc5 38. bxc5 Nxf3+ 39. Kg3 Nd4 40. Nd5 Nc6 41. Kf4 g6 42. Ke4 f5+ 43. Kf4 Kf7 44. Nc7 Nd8 45. Ke5 Ke7 46. h4 Kd7 47. Nd5 Nc6+ 48. Kf6 g5 49. hxg5 hxg5 50. Kxf5 1/2-1/2

[Event "Helmond Rapid op"]
[Site "Helmond"]
[Date "2024.06.15"]
[Round "2"]
[White "Guillaumond, Matthieu"]
[Black "Teianu, Sabin"]
[Result "1/2-1/2"]
[WhiteElo "1883"]
[BlackElo "1962"]
[PlyCount "99"]
[EventDate "2024.06.15"]
[EventType "swiss (rapid)"]
[EventRounds "9"]
[EventCountry "NED"]
[SourceTitle "CBM 220 Extra"]
[Source "ChessBase"]
[SourceDate "2024.07.31"]
[SourceVersion "1"]
[SourceVersionDate "2024.07.31"]
[SourceQuality "1"]

1. e4 e6 2. d4 d5 3. Nc3 Nf6 4. e5 Nfd7 5. f4 c5 6. Nf3 Nc6 7. Be3 a6 8. Be2 b5 9. Qd2 Qb6 10. Nd1 b4 11. 0-0 a5 12. c4 cxd4 13. Nxd4 Nxd4 14. Bxd4 Bc5 15. Bxc5 Qxc5+ 16. Qe3 Ba6 17. Rc1 Rc8 18. b3 Nb6 19. Qxc5 Rxc5 20. Nb2 dxc4 21. Nxc4 Nxc4 22. Bxc4 Bxc4 23. Rxc4 Rxc4 24. bxc4 Kd7 25. Rd1+ Kc6 26. Rd6+ Kc5 27. Ra6 Kxc4 28. Rxa5 Rd8 29. Kf2 Kc3 30. Ra7 Rf8 31. Ke3 g6 32. Rc7+ Kb2 33. Rb7 Kc3 34. Ra7 Kc4 35. Rc7+ Kd5 36. Rb7 Kc5 37. Ra7 Kd5 38. Kd3 Kc5 39. Ra5+ Kb6 40. Ra4 Kb5 41. Ra7 Kb6 42. Ra4 Kb5 43. Ra7 Kb6 44. Rd7 Kc6 45. Rd6+ Kc5 46. Kc2 Ra8 47. Kb2 Ra7 48. Rd8 h5 49. g3 Kc4 50. Rd2 1/2-1/2

[Event "Helmond Rapid op"]
[Site "Helmond"]
[Date "2024.06.15"]
[Round "4"]
[White "Ritzerveld, Noah"]
[Black "Teianu, Sabin"]
[Result "1-0"]
[WhiteElo "2105"]
[BlackElo "1962"]
[PlyCount "82"]
[EventDate "2024.06.15"]
[EventType "swiss (rapid)"]
[EventRounds "9"]
[EventCountry "NED"]
[SourceTitle "CBM 220 Extra"]
[Source "ChessBase"]
[SourceDate "2024.07.31"]
[SourceVersion "1"]
[SourceVersionDate "2024.07.31"]
[SourceQuality "1"]

1. e4 e6 2. d4 d5 3. Nc3 Nf6 4. e5 Nfd7 5. f4 c5 6. Nf3 Nc6 7. Be3 a6 8. a3 b5 9. Bd3 cxd4 10. Nxd4 Qb6 11. Nce2 Bc5 12. c3 Bb7 13. b4 Bxd4 14. Nxd4 Nxd4 15. Bxd4 Qc7 16. 0-0 g6 17. Qg4 Nb6 18. Qe2 Nc4 19. g4 0-0-0 20. Qf2 Rdg8 21. a4 Bc6 22. a5 h5 23. Kh1 hxg4 24. Rg1 Rh5 25. Rxg4 Rgh8 26. Rg2 Qe7 27. Rf1 Qc7 28. Be2 Rh4 29. Rfg1 Kb7 30. Rg4 Rxh2+ 31. Qxh2 Rxh2+ 32. Kxh2 Qd8 33. Kg2 Qg8 34. Rh1 Be8 35. Bd3 Qf8 36. Bc5 Qg7 37. Rgh4 Bc6 38. Rh7 d4+ 39. Kf2 Qg8 40. Rh8 Qg7 41. R1h7 Nxe5 1-0

[Event "Helmond Rapid op"]
[Site "Helmond"]
[Date "2024.06.15"]
[Round "1"]
[White "Teianu, Sabin"]
[Black "Oppers, Danny"]
[Result "1-0"]
[WhiteElo "1962"]
[BlackElo "1698"]
[PlyCount "77"]
[EventDate "2024.06.15"]
[EventType "swiss (rapid)"]
[EventRounds "9"]
[EventCountry "NED"]
[SourceTitle "CBM 220 Extra"]
[Source "ChessBase"]
[SourceDate "2024.07.31"]
[SourceVersion "1"]
[SourceVersionDate "2024.07.31"]
[SourceQuality "1"]

1. d4 d5 2. c4 e5 3. dxe5 d4 4. Nf3 Nc6 5. Nbd2 Nge7 6. Nb3 Nf5 7. g3 Be7 8. Bg2 Be6 9. 0-0 0-0 10. g4 Nh6 11. Bxh6 gxh6 12. Nfxd4 Nxe5 13. Nxe6 fxe6 14. Qc2 Bh4 15. Qe4 Qf6 16. f3 c6 17. Rad1 Rad8 18. h3 Ng6 19. Nc5 Rxd1 20. Rxd1 Rf7 21. Bf1 e5 22. Qd3 Nf4 23. Qb3 e4 24. Nxe4 Qe5 25. Qc3 Nxe2+ 26. Bxe2 Qf4 27. Qd2 Qe5 28. Qd6 Qxb2 29. Qd2 Qe5 30. Qd4 Qf4 31. Qd2 Qe5 32. Qd6 Qb2 33. Rd2 Qc1+ 34. Kg2 Qe1 35. Qb8+ Kg7 36. Qe5+ Bf6 37. Nxf6 Rxf6 38. Rd7+ Kg6 39. Qh5# 1-0